[Event "Tourn. n9098"]
[Site "www.chess-mail.com"]
[Date "2016.12.05"]
[Round "1"]
[White "Norlavuaram"]
[Black "B0zata"]
[WhiteElo "2240"]
[BlackElo "2270"]
[Result "0-1"]
[Round "1"]
1.e4 d5
2.exd5 Qd8xd5
3.Nb1c3 Qd5e5
4.Qd1e2 Qe5xe2
5.Bf1xe2 c6
6.Ng1f3 Ng8f6
7.O-O e6
8.d4 Bf8d6
9.h3 O-O
10.Bc1e3 Nb8d7
11.Ra1d1 Nf6d5
12.Nc3xd5 exd5
13.b3 Nd7f6
14.c4 Rf8e8
15.Be2d3 h6
16.Be3c1 Bc8d7
17.c5 Bd6c7
18.Rf1e1 Kf8
19.a3 a5
20.Re1xe8 Ra8xe8
21.Rd1e1 Re8xe1
22.Nf3xe1 Nf6e4
23.Ne1f3 b6
24.b4 axb4
25.axb4 Ne4c3
26.Bc1d2 Nc3e4
27.Bd2e1 bxc5
28.bxc5 Ne4g5
29.Nf3d2 Ng5e6
30.Nd2f3 Bc7d8
31.Be1d2 Ne6g5
32.Nf3xg5 hxg5
33.Kf1 f5
34.Ke2 Kf7
35.Kf3 g6
36.Ke2 Kf6
37.Bd3a6 f4
38.Ba6b7 Kf5
39.Kf3 Bd8f6
40.Bd2c3 g4
41.hxg4 Kg5
42.Ke2 Kxg4
43.Bb7a6 g5
44.Ba6d3 Kh5
45.Ke1 g4
46.Bd3e2 Kg5
47.Kd2 Bd7f5
48.Be2a6 Bf5e4
49.Ba6f1 Bf6d8
50.Ke1 Kf5
51.g3 Bd8c7
52.gxf4 Kxf4
53.Bf1e2 Be4f5
54.Kd2 Bc7d8
55.Kd1 Bd8f6
56.Kd2 Ke4
57.Be2d3 Kf4
58.Bd3a6 Kf3
59.Ke1 Bf6h4
60.Ba6e2 Kg2
61.Be2f1 Kg1
62.Bf1e2 Bh4xf2
63.Kd1 g3
64.Be2f3 Bf5d3
{ resign }
0-1

[Event "Tourn. n9036"]
[Site "www.chess-mail.com"]
[Date "2016.12.05"]
[Round "1"]
[White "Vinvangogh"]
[Black "Lachouette"]
[WhiteElo "1310"]
[BlackElo "1509"]
[Result "0-1"]
[Round "1"]
1.Ng1f3 d5
2.d4 e6
3.Bc1g5 f6
4.Bg5h4 Nb8c6
5.Nb1c3 Bf8b4
6.Qd1d2 g5
7.Bh4xg5 fxg5
8.Nf3xg5 Qd8f6
9.e4 dxe4
10.d5 Bb4xc3
11.bxc3 Nc6e7
12.Ng5xe4 Qf6e5
 { time }
0-1

[Event "Tourn. n9014"]
[Site "www.chess-mail.com"]
[Date "2016.12.05"]
[Round "1"]
[White "Caspito"]
[Black "Aalekhine"]
[WhiteElo "1800"]
[BlackElo "1869"]
[Result "1/2-1/2"]
[Round "1"]
1.e4 e5
2.Ng1f3 Nb8c6
3.Bf1c4 Bf8c5
4.O-O Ng8f6
5.c3 O-O
6.d4 exd4
7.cxd4 Bc5e7
8.Nb1c3 d6
9.a3 Bc8g4
10.Bc1g5 Bg4xf3
11.Qd1xf3 Nc6xd4
12.Qf3h3 Nd4c6
13.Bc4d3 Nc6e5
14.Bg5f4 Ne5xd3
15.Qh3xd3 c6
16.Qd3g3 Nf6h5
17.Qg3f3 Nh5xf4
18.Qf3xf4 Be7f6
19.Ra1b1 Bf6e5
20.Qf4g4 Be5xc3
21.bxc3 b6
22.c4 Qd8f6
23.a4 Qf6e6
24.Qg4xe6 fxe6
25.f4 d5
26.exd5 exd5
27.cxd5 cxd5
28.f5 Ra8d8
29.g4 d4
30.Rb1d1 d3
31.Rf1f2 Rd8d4
32.h3 Rf8d8
33.Rf2a2 Rd4f4
34.Kg2 Rd8d4
35.Rd1d2 Rd4xa4
36.Ra2xa4 Rf4xa4
37.Rd2xd3 b5
38.g5 Ra4f4
39.g6 hxg6
40.fxg6 Rf4f8
41.Rd3d7 Rf8a8
42.Kf3 a5
43.Rd7d5 b4
44.Rd5b5 a4
45.Rb5xb4 a3
46.Rb4b1 a2
47.Rb1a1 Ra8a6
{ draw }
1/2-1/2

[Event "Tourn. n9072"]
[Site "www.chess-mail.com"]
[Date "2016.12.05"]
[Round "1"]
[White "Norlavuaram"]
[Black "Osopanda"]
[WhiteElo "2250"]
[BlackElo "2030"]
[Result "1-0"]
[Round "1"]
1.e4 c5
2.Ng1f3 d6
3.d4 cxd4
4.Nf3xd4 Ng8f6
5.Nb1c3 a6
6.Bf1c4 e6
7.Bc4b3 Bf8e7
8.Bc1e3 O-O
9.Qd1e2 b5
10.f3 Qd8c7
11.O-O-O Nb8c6
12.g4 Nc6xd4
13.Rd1xd4 Bc8b7
14.g5 Nf6d7
15.Rh1g1 Ra8c8
16.h4 Nd7e5
17.f4 Ne5c4
18.Bb3xc4 bxc4
19.f5 exf5
20.exf5 Rf8e8
21.Qe2g4 Be7f8
22.Be3f4 Qc7c5
23.Rd4d1 d5
24.g6 hxg6
25.fxg6 Qc5e7
26.Nc3xd5 Bb7xd5
27.Rd1xd5 c3
28.Rd5d7 cxb2
29.Kb1 Qe7b4
30.gxf7 { resign }
1-0

[Event "Tourn. n9040"]
[Site "www.chess-mail.com"]
[Date "2016.12.05"]
[Round "1"]
[White "Redapond1"]
[Black "Hansen"]
[WhiteElo "1499"]
[BlackElo "1630"]
[Result "1-0"]
[Round "1"]
1.d4 d5
2.Ng1f3 h6
3.Bc1f4 g5
4.Bf4g3 g4
5.Nf3e5 Bc8e6
6.Nb1c3 Ng8f6
7.e3 a6
8.Bf1d3 Bf8g7
9.O-O Nf6h5
10.h3 c5
11.dxc5 Qd8a5
12.Ne5g6 fxg6
13.Bd3xg6 Be6f7
14.Bg6xf7 Kxf7
15.Qd1xg4 Nh5f6
16.Qg4f4 Qa5xc5
17.Rf1d1 Nb8d7
18.Rd1xd5 Qc5c8
19.Ra1d1 Rh8d8
20.Bg3h4 Qc8c6
21.Bh4xf6 exf6
22.Rd5d6 Qc6c7
23.Rd6xf6 Nd7xf6
24.Qf4xc7 Ke8
25.Rd1xd8 Ra8xd8
26.Qc7xg7 Nf6h5
27.Qg7g6 { resign }
1-0

[Event "Tourn. n9068"]
[Site "www.chess-mail.com"]
[Date "2016.12.05"]
[Round "1"]
[White "Xkafi"]
[Black "Attatroll"]
[WhiteElo "1970"]
[BlackElo "1930"]
[Result "1-0"]
[Round "1"]
1.e4 d6
2.d4 Ng8f6
3.Nb1c3 g6
4.Bf1c4 Bf8g7
5.h3 O-O
6.Ng1f3 c6
7.O-O Nb8d7
8.Nf3g5 Nd7b6
9.Bc4b3 a5
10.a3 Bc8d7
11.f4 a4
12.Bb3a2 h6
13.Ng5f3 c5
14.e5 Nf6e8
15.Nf3h4 Kh7
16.Nc3e4 dxe5
17.fxe5 cxd4
18.Ba2xf7 e6
19.Bf7xg6 Kh8
20.Bg6f7 Qd8xh4
21.Qd1xd4 Nb6d5
22.Bc1d2 Bd7c6
23.Bf7xe6 Ne8c7
24.Be6g4 Nc7b5
25.Qd4c5 Rf8xf1
26.Ra1xf1 h5
27.Bg4f3 Bg7xe5
28.Ne4g5 Qh4d4
29.Qc5xd4 Be5xd4
30.Kh1 Bd4xb2
31.c4 Nd5e7
32.cxb5 Bc6xb5
33.Rf1b1 Ra8d8
34.Ng5f7 Kg7
35.Nf7xd8 { resign }
1-0

[Event "Match"]
[Site "www.echecsemail.com"]
[Date "2016.12.05"]
[Round "1"]
[White "Mrmoto"]
[Black "Sonny1000"]
[WhiteElo "1680"]
[BlackElo "1330"]
[Result "1-0"]
[Round "1"]
1.e4 c5
2.c3 e5
3.d4 d5
4.dxe5 Qd8b6
5.Qd1xd5 Bc8e6
6.Qd5d2 Qb6a5
7.Qd2f4 Ng8h6
8.h3 Nb8d7
9.Ng1f3 Be6xa2
10.Bf1c4 Qa5a4
11.Bc4xa2 Qa4c2
12.O-O b5
13.Nf3g5 Kd8
14.Bc1e3 Qc2xb2
15.Nb1d2 Qb2xc3
16.Ng5xf7 Nh6xf7
17.Qf4xf7 h5
18.Be3g5 Bf8e7
19.Qf7xe7 Kc7
20.Ra1c1 Rh8g8
21.Rc1xc3 Rg8h8
22.Rc3xc5 Kb6
23.Qe7d6 Ka5
24.Nd2c4 Ka4
25.Qd6d1 Kb4
26.Bg5e3 Nd7xc5
27.Be3d2 { resign }
1-0

[Event "Match"]
[Site "www.echecsemail.com"]
[Date "2016.12.05"]
[Round "1"]
[White "Bojan"]
[Black "Mitja"]
[WhiteElo "2090"]
[BlackElo "2000"]
[Result "0-1"]
[Round "1"]
1.e4 d5
2.exd5 Qd8xd5
3.Nb1c3 Qd5d8
4.Ng1f3 e6
5.Nf3e5 c6
6.Qd1f3 Qd8e7
7.d4 h6
8.Bc1d2 Nb8d7
9.a3 Nd7xe5
10.dxe5 Qe7c7
11.Qf3g3 Ng8e7
12.Nc3a2 Ne7g6
13.f4 Qc7b6
14.b4 Qb6d4
15.Bd2c3 Qd4e4
16.Bf1e2 Ng6xf4
17.Qg3f3 Nf4xg2
18.Kf2 Qe4xf3
19.Be2xf3 Ng2f4
20.Bc3d2 Nf4g6
21.Rh1e1 Bf8e7
22.c4 Be7h4
{ resign }
0-1

[Event "Match"]
[Site "www.echecsemail.com"]
[Date "2016.12.05"]
[Round "1"]
[White "Libiesse"]
[Black "Jobeye"]
[WhiteElo "1980"]
[BlackElo "1809"]
[Result "0-1"]
[Round "1"]
1.d4 b6
2.c4 Bc8b7
3.Nb1c3 e6
4.Ng1f3 Nb8c6
5.Bc1f4 Bf8b4
6.Qd1c2 Qd8f6
7.e3 d6
8.a3 Bb4xc3
9.Qc2xc3 O-O-O
10.b4 Ng8e7
11.Bf1e2 h6
12.O-O Ne7g6
13.Bf4g3 Ng6e7
14.Ra1c1 g5
15.h3 Ne7f5
16.Bg3h2 Rh8g8
17.Rf1d1 Nf5h4
18.Nf3xh4 gxh4
19.d5 Qf6g5
20.Be2f3 Nc6e5
21.e4 Ne5xf3
22.Qc3xf3 c5
23.bxc5 exd5
24.cxd5 dxc5
25.d6 Bb7c6
26.Rc1c4 f5
27.Qf3xf5 Qg5xf5
28.exf5 Rg8xg2
{ resign }
0-1

[Event "Match"]
[Site "www.echecsemail.com"]
[Date "2016.12.05"]
[Round "1"]
[White "Aalekhine"]
[Black "Robinjut"]
[WhiteElo "1499"]
[BlackElo "1540"]
[Result "1-0"]
[Round "1"]
1.d4 d5
2.Ng1f3 Nb8c6
3.e3 a6
4.b3 Bc8g4
5.Bc1b2 e6
6.Bf1e2 Bf8d6
7.h3 Bg4xf3
8.Be2xf3 Ng8f6
9.Nb1d2 O-O
10.c4 h6
11.cxd5 exd5
12.O-O b5
13.g3 Qd8d7
14.Kg2 Ra8e8
15.Rf1e1 Re8e7
16.a3 a5
17.e4 dxe4
18.Nd2xe4 Nf6xe4
19.Re1xe4 Re7xe4
20.Bf3xe4 Rf8e8
21.Be4f3 Qd7f5
22.Bf3xc6 Re8e6
23.Bc6d7 Qf5e4
24.Qd1f3 Qe4c2
25.Bd7xe6 fxe6
26.Qf3c3 Qc2f5
27.Qc3f3 Qf5c2
28.Qf3c3 { resign }
1-0

[Event "1/128 Finale"]
[Site "www.chess-mail.com"]
[Date "2016.12.05"]
[Round "1"]
[White "Llord"]
[Black "Nimzo"]
[WhiteElo "1890"]
[BlackElo "2780"]
[Result "0-1"]
[Round "1"]
1.e4 e5
2.Ng1f3 Nb8c6
3.Bf1c4 Bf8c5
4.O-O Ng8f6
5.Nb1c3 O-O
6.Nf3g5 Nc6d4
7.d3 c6
8.Bc1e3 d5
9.exd5 cxd5
10.Bc4b3 h6
11.Ng5f3 Nd4xb3
12.axb3 d4
13.Nc3a4 Bc5d6
14.Be3d2 b5
15.Na4c3 dxc3
16.Bd2xc3 Rf8e8
17.Rf1e1 Qd8c7
18.Bc3a5 Qc7b8
19.Ba5c3 b4
20.Bc3d2 Bc8g4
21.h3 Bg4h5
22.Re1e3 Bd6c5
23.Re3e1 a5
24.c3 e4
25.dxe4 Nf6xe4
26.cxb4 Bc5xf2
27.Kf1 Qb8b5
28.Re1e2 Ra8d8
29.Ra1xa5 Rd8xd2
30.Nf3xd2 Bh5xe2
31.Qd1xe2 Ne4g3
{ resign }
0-1

[Event "1/8 Finale"]
[Site "www.chess-mail.com"]
[Date "2016.12.05"]
[Round "1"]
[White "Nimzo"]
[Black "Asoka"]
[WhiteElo "2770"]
[BlackElo "2710"]
[Result "1/2-1/2"]
[Round "1"]
1.d4 Ng8f6
2.c4 e6
3.Nb1c3 Bf8b4
4.e3 O-O
5.Ng1e2 d5
6.a3 Bb4e7
7.cxd5 exd5
8.Ne2f4 c6
9.Bf1d3 Be7d6
10.O-O Rf8e8
11.f3 b6
12.Nf4e2 c5
13.e4 cxd4
14.Nc3xd5 Nf6xd5
15.exd5 Qd8f6
16.Ne2g3 Bd6xg3
17.hxg3 Bc8b7
18.Bd3e4 Nb8d7
19.b4 Ra8d8
20.Bc1b2 Qf6d6
21.g4 Nd7f6
22.Qd1xd4 Qd6g3
23.Ra1d1 Bb7xd5
24.Be4xd5 Rd8xd5
25.Qd4f2 Qg3d6
26.Qf2c2 h5
27.Bb2xf6 { draw }
1/2-1/2

[Event "Eq:Slap Shot Mates-Los Tercios : "]
[Site "www.chess-mail.com"]
[Date "2016.12.05"]
[Round "1"]
[White "Azorau"]
[Black "Prize640"]
[WhiteElo "1800"]
[BlackElo "2370"]
[Result "0-1"]
[Round "1"]
1.e4 c5
2.Bf1c4 e6
3.Ng1f3 Nb8c6
4.O-O Qd8c7
5.Nb1c3 a6
6.Nf3g5 Ng8f6
7.Rf1e1 b5
8.Bc4xb5 axb5
9.Nc3xb5 Qc7b8
10.c4 Bf8e7
11.d3 O-O
12.Ng5h3 d5
13.Bc1f4 Qb8b7
14.a4 dxe4
15.dxe4 e5
16.Bf4c1 Bc8xh3
17.gxh3 Nc6d4
18.f3 Rf8d8
19.Nb5xd4 Rd8xd4
20.Qd1c2 Qb7b4
21.Re1e3 Rd4xc4
22.Re3c3 Rc4xc3
23.bxc3 Qb4c4
24.h4 Ra8d8
25.Bc1g5 h6
26.Bg5xf6 Be7xf6
27.h5 Rd8d3
28.Kg2 Bf6g5
29.a5 Rd3d2
{ resign }
0-1

[Event "Tourn. n9032"]
[Site "www.chess-mail.com"]
[Date "2016.12.06"]
[Round "1"]
[White "Szustan"]
[Black "Seger"]
[WhiteElo "2650"]
[BlackElo "2790"]
[Result "1/2-1/2"]
[Round "1"]
1.e4 e5
2.Ng1f3 d6
3.d4 exd4
4.Nf3xd4 Bf8e7
5.Nb1c3 Ng8f6
6.Bf1e2 O-O
7.O-O Rf8e8
8.f4 c5
9.Nd4f3 Nb8c6
10.e5 dxe5
11.fxe5 Nf6d7
12.Bc1f4 Nd7f8
13.Be2b5 Bc8e6
14.Bb5xc6 bxc6
15.Qd1xd8 Ra8xd8
16.Nc3e4 Be6d5
17.Ne4d6 Be7xd6
18.exd6 Nf8e6
19.Bf4g3 Bd5xf3
20.Rf1xf3 Ne6d4
21.Rf3d3 Re8e6
22.Ra1e1 Re6xe1
23.Bg3xe1 Rd8xd6
24.Kf1 Rd6d5
25.c4 Rd5f5
26.Be1f2 f6
27.Rd3a3 { draw }
1/2-1/2

[Event "Tourn. n9053"]
[Site "www.chess-mail.com"]
[Date "2016.12.06"]
[Round "1"]
[White "Servant"]
[Black "Mao"]
[WhiteElo "1690"]
[BlackElo "1880"]
[Result "0-1"]
[Round "1"]
1.d4 Ng8f6
2.c4 e6
3.Nb1c3 Bf8b4
4.e3 d5
5.Ng1f3 c5
6.cxd5 Nf6xd5
7.Bc1d2 Nb8c6
8.dxc5 Bb4xc5
9.Bf1b5 O-O
10.Nc3xd5 Qd8xd5
11.Qd1e2 Bc8d7
12.Bd2c3 a6
13.Bb5c4 Qd5h5
14.O-O { time. }
0-1

[Event "Tourn. n9056"]
[Site "www.chess-mail.com"]
[Date "2016.12.06"]
[Round "1"]
[White "Roohbakhsh"]
[Black "Orhany24"]
[WhiteElo "2040"]
[BlackElo "2220"]
[Result "1/2-1/2"]
[Round "1"]
1.d4 d5
2.c4 dxc4
3.Ng1f3 c5
4.e3 cxd4
5.Bf1xc4 Nb8c6
6.Nf3xd4 Bc8d7
7.O-O e5
8.Qd1f3 Qd8f6
9.Qf3xf6 Ng8xf6
10.Nd4xc6 Bd7xc6
11.Nb1c3 a6
12.f4 e4
13.Rf1d1 Bf8c5
14.Nc3d5 O-O
15.Nd5xf6 gxf6
16.a3 Rf8d8
17.Rd1xd8 Ra8xd8
18.b4 Rd8d1
19.Kf2 Bc5b6
20.Bc1b2 Rd1xa1
21.Bb2xa1 f5
22.Ba1d4 Bb6c7
23.Bd4f6 { draw }
1/2-1/2

[Event "Tourn. n9031"]
[Site "www.chess-mail.com"]
[Date "2016.12.06"]
[Round "1"]
[White "Francesco"]
[Black "Tonino1"]
[WhiteElo "1920"]
[BlackElo "2030"]
[Result "1/2-1/2"]
[Round "1"]
1.e4 c6
2.d4 d5
3.Nb1c3 dxe4
4.Nc3xe4 Nb8d7
5.Ng1f3 Ng8f6
6.Ne4g3 e6
7.Bf1d3 Bf8e7
8.O-O O-O
9.Rf1e1 Qd8c7
10.Ng3e4 Nf6xe4
11.Bd3xe4 Nd7f6
12.Be4d3 b6
13.Nf3e5 Bc8b7
14.Bc1f4 Be7d6
15.Qd1d2 Nf6d5
16.Bf4g3 f6
17.Ne5f3 Bd6xg3
18.hxg3 Qc7d6
19.c3 Rf8e8
20.Qd2c2 h6
21.Re1e2 Ra8c8
22.Ra1e1 c5
23.Bd3h7 Kh8
24.Nf3h4 cxd4
25.Nh4f5 Qd6d7
26.Nf5xd4 Bb7a6
27.Bh7d3 Nd5b4
28.Bd3xa6 Nb4xc2
29.Ba6xc8 Qd7xc8
30.Re2xc2 e5
31.Rc2e2 Qc8c4
32.a3 Re8d8
33.Nd4f5 Rd8d1
34.Re1xd1 Qc4xe2
35.Rd1d8 Kh7
36.Rd8d7 Qe2e4
37.Nf5d6 Qe4g6
38.Rd7xa7 e4
39.Ra7b7 Qg6g4
40.Rb7xb6 Qg4d1
41.Kh2 Qd1h5
{ draw }
1/2-1/2

[Event "Tourn. n9059"]
[Site "www.chess-mail.com"]
[Date "2016.12.06"]
[Round "1"]
[White "Servant"]
[Black "Nulladies"]
[WhiteElo "1690"]
[BlackElo "1850"]
[Result "0-1"]
[Round "1"]
1.e4 c5
2.Nb1c3 g6
3.Ng1f3 Bf8g7
4.d4 cxd4
5.Nf3xd4 Nb8c6
6.Bc1e3 Ng8f6
7.Bf1e2 d5
8.Nd4xc6 bxc6
9.exd5 cxd5
10.Be2b5 Bc8d7
11.Bb5xd7 Qd8xd7
12.Be3d4 O-O
13.Bd4xf6 { time. }
0-1

[Event "Tourn. n8969"]
[Site "www.chess-mail.com"]
[Date "2016.12.06"]
[Round "1"]
[White "Cal"]
[Black "Passaroa25"]
[WhiteElo "1680"]
[BlackElo "1530"]
[Result "0-1"]
[Round "1"]
1.Nb1c3 c6
2.a3 d5
3.d4 Bc8e6
4.h3 f6
5.e3 Be6f7
6.Bf1d3 e6
7.Ng1f3 Nb8d7
8.O-O Ng8e7
9.b4 Ne7g6
10.Nc3e2 Bf8e7
11.Bd3xg6 Bf7xg6
12.Nf3h4 Bg6f7
13.Ne2f4 O-O
14.c3 Nd7b6
15.g4 Nb6c4
16.Qd1f3 g5
17.Nh4f5 exf5
18.gxf5 Nc4d6
19.Nf4g2 Nd6e4
20.c4 Kg7
21.c5 Qd8e8
22.h4 Bf7h5
23.Qf3h3 g4
24.Qh3h2 b5
25.Ng2f4 h6
26.Nf4e6 Kf7
27.Ne6c7 Qe8b8
28.a4 Be7d8
29.Nc7e6 Qb8xh2
30.Kxh2 Rf8e8
31.Ne6f4 g3
32.fxg3 a6
33.Nf4xh5 Ne4c3
34.Bc1b2 Re8xe3
35.Bb2xc3 Re3xc3
36.Rf1f2 Rc3c4
37.Rf2f4 Rc4xb4
38.axb5 Rb4xb5
39.g4 a5
40.Nh5g3 Rb5b2
41.Kh3 a4
42.Ra1a3 Rb2b3
43.Ra3xb3 axb3
44.Rf4f2 Ra8b8
45.Rf2b2 Rb8b4
46.Ng3e2 Bd8c7
47.g5 fxg5
48.h5 Kf6
49.Kg4 Bc7f4
50.Kf3 Kxf5
51.Ne2c3 Rb4xd4
52.Rb2xb3 Rd4c4
53.Rb3b6 Rc4xc3
54.Kf2 Rc3xc5
55.Kf3 g4
56.Kf2 Kg5
57.Rb6b4 Rc5c4
58.Rb4b3 g3
59.Kf3 Kxh5
60.Kg2 d4
61.Kf3 Rc4c3
62.Rb3xc3 dxc3
{ resign }
0-1

[Event "Tourn. n9063"]
[Site "www.chess-mail.com"]
[Date "2016.12.06"]
[Round "1"]
[White "Servant"]
[Black "Llcervello"]
[WhiteElo "1690"]
[BlackElo "1670"]
[Result "0-1"]
[Round "1"]
1.d4 d5
2.Bc1f4 Nb8c6
3.e3 f6
4.Ng1f3 Bc8g4
5.Bf1b5 Bg4xf3
6.Bb5xc6 bxc6
7.Qd1xf3 g5
8.Bf4g3 h5
9.h3 h4
10.Bg3h2 e6
11.O-O { time. }
0-1

[Event "Tourn. n9096"]
[Site "www.chess-mail.com"]
[Date "2016.12.06"]
[Round "1"]
[White "Llcervello"]
[Black "Caspito"]
[WhiteElo "1650"]
[BlackElo "1840"]
[Result "0-1"]
[Round "1"]
1.e4 e5
2.d3 Bf8c5
3.Ng1f3 d6
4.h3 Nb8c6
5.c3 Qd8f6
6.b4 Bc5b6
7.Bc1g5 Qf6g6
8.Qd1d2 Ng8f6
9.g4 h6
10.Bg5xf6 Qg6xf6
11.Bf1e2 Bc8e6
12.g5 hxg5
13.Rh1h2 Rh8xh3
14.Rh2xh3 Be6xh3
15.Nf3xg5 Bh3g2
16.f3 O-O-O
17.Kd1 Rd8h8
18.Kc2 a5
19.b5 Nc6a7
20.a4 Rh8h2
21.Qd2e1 Bg2xf3
22.Nb1d2 Bf3xe2
23.Qe1g3 Qf6f4
24.Ra1g1 Bb6xg1
25.Qg3xg1 Be2xd3
26.Kxd3 Qf4xd2
27.Kc4 Qd2e2
28.Kb3 Qe2a2
{ resign }
0-1

[Event "Tourn. n9106"]
[Site "www.chess-mail.com"]
[Date "2016.12.06"]
[Round "1"]
[White "Redabond"]
[Black "Jobeye"]
[WhiteElo "1710"]
[BlackElo "1809"]
[Result "0-1"]
[Round "1"]
1.d4 c6
2.Bc1f4 d5
3.Nb1c3 Bc8f5
4.e3 Ng8f6
5.Bf1d3 Bf5xd3
6.Qd1xd3 g6
7.Ng1f3 Nb8d7
8.O-O Bf8g7
9.e4 dxe4
10.Nc3xe4 Nf6xe4
11.Qd3xe4 Qd8b6
12.Bf4d6 e6
13.Ra1b1 Nd7f6
14.Qe4e2 Ra8d8
15.Bd6c5 Qb6a5
16.a3 Nf6d5
17.Qe2d2 Qa5xd2
18.Nf3xd2 b6
19.Bc5b4 Bg7xd4
20.Rf1d1 c5
21.Nd2f3 Bd4xf2
22.Kxf2 cxb4
23.axb4 Nd5xb4
24.Rd1xd8 Kxd8
25.c3 Nb4d3
26.Kg3 Ke7
27.b4 Rh8c8
28.Rb1a1 Rc8c7
29.Nf3d4 Kf6
30.Ra1f1 Kg5
31.Nd4f3 Kh5
32.Nf3h4 Rc7xc3
33.Rf1a1 Nd3xb4
34.Nh4f3 a5
35.Kf2 Nb4d3
36.Ke2 Nd3f4
37.Kd2 Rc3c5
38.g3 Nf4h3
39.Nf3d4 Rc5d5
40.Ke3 e5
41.Nd4c6 f5
42.Nc6e7 Rd5c5
43.Ra1b1 f4
44.gxf4 exf4
45.Kf3 Rc5e5
46.Kg2 Kg4
47.Ne7c6 f3
48.Kf1 Re5e2
49.Rb1xb6 Re2xh2
50.Nc6xa5 f2
51.Rb6b4 Kh5
52.Rb4b5 g5
53.Rb5b1 Rh2h1
54.Kg2 Rh1xb1
{ resign }
0-1

[Event "Tourn. n9096"]
[Site "www.chess-mail.com"]
[Date "2016.12.06"]
[Round "1"]
[White "Urbe69"]
[Black "Llcervello"]
[WhiteElo "1729"]
[BlackElo "1650"]
[Result "1-0"]
[Round "1"]
1.d4 d5
2.Ng1f3 f6
3.Nb1c3 e6
4.e4 Bf8b4
5.exd5 Bb4xc3
6.bxc3 Qd8xd5
7.Bf1d3 Ng8e7
8.O-O h6
9.c4 Qd5c6
10.Bc1a3 b6
11.Qd1e2 Bc8a6
12.Ra1e1 Kf7
13.d5 Qc6a4
14.Qe2xe6 Kf8
15.Qe6xe7 Kg8
16.Qe7f8 { resign }
1-0

[Event "Tourn. n9027"]
[Site "www.chess-mail.com"]
[Date "2016.12.06"]
[Round "1"]
[White "Norlavuaram"]
[Black "Ff333"]
[WhiteElo "2210"]
[BlackElo "2070"]
[Result "0-1"]
[Round "1"]
1.e4 e5
2.Ng1f3 Nb8c6
3.Bf1b5 d6
4.c3 Bc8d7
5.O-O a6
6.Bb5a4 b5
7.Ba4b3 h6
8.d4 exd4
9.cxd4 Ng8f6
10.Rf1e1 Bf8e7
11.a3 Nc6a5
12.Bb3c2 O-O
13.Nb1c3 Na5c4
14.Qd1d3 Bd7c6
15.e5 dxe5
16.Nf3xe5 Nc4xe5
17.Re1xe5 Be7d6
18.Re5f5 Nf6d7
19.d5 Nd7c5
20.Qd3h3 Bc6d7
21.Bc1xh6 Bd7xf5
22.Bc2xf5 g6
23.Bh6xf8 Qd8xf8
24.Bf5c2 Kg7
25.Nc3e4 Nc5xe4
26.Bc2xe4 Qf8h8
27.Qh3xh8 Ra8xh8
28.h3 Rh8h4
29.Be4f3 Rh4d4
30.Ra1d1 Rd4c4
31.Rd1d2 Bd6f4
32.Rd2d1 Rc4c2
33.Rd1b1 Bf4e5
34.b3 Be5d4
35.Rb1f1 Rc2b2
36.Bf3d1 Rb2d2
37.g3 Bd4xf2
38.Rf1xf2 Rd2xd1
39.Kg2 Rd1xd5
40.Rf2f3 Rd5d2
41.Kf1 c5
42.Rf3e3 Rd2a2
43.b4 c4
44.Re3c3 Ra2b2
45.a4 Rb2xb4
46.axb5 axb5
47.Rc3c2 Rb4b3
48.Kf2 c3
49.Kf3 b4
{ resign }
0-1

[Event "Tourn. n9107"]
[Site "www.chess-mail.com"]
[Date "2016.12.06"]
[Round "1"]
[White "Norlavuaram"]
[Black "B0zata"]
[WhiteElo "2170"]
[BlackElo "2240"]
[Result "1-0"]
[Round "1"]
1.e4 e5
2.Ng1f3 d6
3.d4 Bc8g4
4.dxe5 Bg4xf3
5.gxf3 dxe5
6.Qd1xd8 Kxd8
7.Nb1c3 Bf8b4
8.Bc1d2 Ng8f6
9.O-O-O Nb8d7
10.Bf1h3 c6
11.Rh1g1 Rh8g8
12.Bd2g5 Kc7
13.Nc3e2 Bb4c5
14.Bg5h4 h6
15.Bh4g3 Bc5d6
16.Ne2c3 Ra8e8
17.Rd1d2 Bd6b4
18.Rd2d3 Nd7c5
19.Rd3e3 g5
20.Bh3f1 Nf6h5
21.a3 Bb4xc3
22.Re3xc3 Nc5d7
23.Bf1c4 Rg8g7
24.Rg1d1 Nh5f4
25.h4 a6
26.hxg5 hxg5
27.b4 b5
28.Bc4f1 Nd7f8
29.a4 Kb6
30.Rd1d6 Re8c8
31.a5 Kb7
32.Rc3c5 Nf8e6
33.Rc5xe5 Kc7
34.Rd6d1 Rc8d8
35.Rd1xd8 Kxd8
36.c4 Kd7
37.cxb5 axb5
38.Bg3xf4 Ne6xf4
39.Re5f5 Ke6
40.Kd2 f6
41.Rf5c5 Kd6
42.Ke3 Rg7f7
43.Rc5c2 Nf4e6
44.Bf1h3 Ne6c7
45.Rc2d2 Ke5
46.Bh3d7 Nc7a6
47.Bd7xc6 Na6xb4
48.Bc6xb5 Rf7b7
49.Bb5d3 Rb7a7
50.Rd2b2 Nb4xd3
51.Rb2b5 Kd6
52.Kxd3 Ra7a6
53.Rb5b6 Ra6xb6
54.axb6 Kc6
55.Kd4 Kxb6
56.Kd5 Kc7
57.Ke6 Kd8
58.Kxf6 Ke8
59.Kxg5 Kf7
60.Kf5 Ke7
61.Ke5 Kf7
62.Kd6 { resign }
1-0

[Event "Tourn. n9087"]
[Site "www.chess-mail.com"]
[Date "2016.12.06"]
[Round "1"]
[White "B0zata"]
[Black "Cristiano"]
[WhiteElo "2250"]
[BlackElo "2010"]
[Result "0-1"]
[Round "1"]
1.d4 Ng8f6
2.c4 g6
3.Nb1c3 Bf8g7
4.Ng1f3 d6
5.e4 Nb8d7
6.Bf1d3 O-O
7.O-O e5
8.d5 Nd7c5
9.Bd3c2 a5
10.Bc1e3 Nf6h5
11.Be3xc5 dxc5
12.Nc3e2 Qd8f6
13.Ne2g3 Nh5f4
14.Rf1e1 Ra8a6
15.Ra1b1 h5
16.Ng3e2 Nf4h3
17.Kf1 Bc8g4
18.Ne2g1 Nh3xg1
19.Kxg1 Bg7h6
20.h3 Bg4xf3
21.Qd1xf3 Qf6xf3
22.gxf3 Kg7
23.Kg2 a4
24.Re1e2 Rf8a8
25.Bc2d1 Ra6b6
26.a3 Bh6f4
27.Re2c2 h4
28.Rc2c3 Rb6d6
29.b4 cxb4
30.axb4 a3
31.Rc3c2 Ra8a7
32.Rb1a1 Rd6a6
33.Ra1a2 b6
34.Bd1e2 Ra6a4
35.b5 Ra4b4
36.Be2f1 Rb4b3
37.Bf1e2 Ra7a4
38.Be2d1 Ra4a8
39.Bd1e2 Rb3b1
40.Be2d3 Rb1b3
41.Bd3f1 Kf6
42.c5 bxc5
43.Rc2xc5 Rb3b2
44.Bf1c4 Ra8a4
45.Rc5xc7 Ra4xc4
46.Rc7xc4 Rb2xa2
47.b6 Bf4e3
48.b7 Ra2xf2
49.Kh1 Rf2b2
50.Rc4c2 Rb2xb7
51.d6 Rb7b1
52.Kg2 Rb1b2
53.Rc2xb2 axb2
54.d7 Ke7
{ resign }
0-1

[Event "Tourn. n9105"]
[Site "www.chess-mail.com"]
[Date "2016.12.06"]
[Round "1"]
[White "Jobeye"]
[Black "Attatroll"]
[WhiteElo "2149"]
[BlackElo "1960"]
[Result "1-0"]
[Round "1"]
1.e3 d5
2.Nb1c3 Ng8f6
3.b3 c6
4.Bf1e2 e5
5.d3 Bf8d6
6.Bc1b2 O-O
7.h3 Bc8e6
8.e4 Nb8d7
9.Ng1f3 Bd6b4
10.O-O Bb4xc3
11.Bb2xc3 d4
12.Bc3b4 Rf8e8
13.Bb4d6 h6
14.Nf3xe5 Nd7xe5
15.Bd6xe5 c5
16.Be5xf6 Qd8xf6
17.f4 Qf6h4
18.f5 Be6d7
19.Qd1d2 Ra8d8
20.Rf1f4 Qh4f6
21.Ra1e1 Bd7c6
22.Be2h5 Qf6e5
23.Rf4g4 Kf8
24.Re1f1 Rd8d6
25.Rf1f3 Re8e7
26.Rf3g3 f6
27.Qd2xh6 Qe5xg3
28.Qh6h8 
1-0

[Event "Match"]
[Site "www.echecsemail.com"]
[Date "2016.12.06"]
[Round "1"]
[White "Sonny1000"]
[Black "Llord"]
[WhiteElo "1330"]
[BlackElo "1910"]
[Result "0-1"]
[Round "1"]
1.e4 e5
2.Nb1c3 Ng8f6
3.Ng1f3 Nb8c6
4.Nf3g5 Bf8e7
5.Nc3d5 Nc6d4
6.Bf1c4 Nf6xd5
7.Bc4xd5 Be7xg5
8.Qd1g4 Nd4xc2
9.Kd1 Nc2xa1
10.Qg4h5 g6
11.Qh5f3 O-O
12.a4 d6
13.Qf3b3 Na1xb3
14.h4 Bg5xh4
15.Rh1h3 Nb3xc1
16.Rh3c3 Bh4xf2
17.Rc3b3 Nc1xb3
18.Bd5xb3 Bc8e6
19.Ke2 Be6xb3
20.Kxf2 Qd8h4
21.Kg1 d5
22.exd5 Bb3xd5
23.d3 Qh4g3
24.Kf1 Qg3xg2
25.Ke1 Bd5f3
26.b4 Qg2e2

0-1

[Event "Match"]
[Site "www.echecsemail.com"]
[Date "2016.12.06"]
[Round "1"]
[White "Coraza"]
[Black "Pellix84"]
[WhiteElo "1840"]
[BlackElo "1970"]
[Result "0-1"]
[Round "1"]
1.e4 c6
2.Bf1c4 d5
3.exd5 cxd5
4.Bc4b5 Bc8d7
5.Qd1e2 a6
6.Bb5xd7 Nb8xd7
7.Ng1f3 g6
8.O-O Bf8g7
9.Rf1e1 e6
10.d4 Ng8e7
11.Bc1g5 O-O
12.Bg5xe7 Qd8xe7
13.Nb1c3 Qe7b4
14.Re1b1 Nd7b6
15.a3 Qb4d6
16.g3 Nb6c4
17.Kg2 Rf8e8
18.b3 Nc4xa3
19.Rb1b2 Ra8c8
20.Qe2d3 b5
21.Rb2a2 b4
22.Nc3a4 Na3b5
23.c4 dxc4
24.bxc4 Nb5xd4
25.Ra2d2 Qd6c6
26.Qd3xd4 Bg7xd4
27.Rd2xd4 e5
28.Rd4d1 e4
29.Nf3d4 Qc6f6
30.c5 b3
31.Nd4xb3 Qf6f3
32.Kg1 Qf3xb3
33.Rd1b1 Qb3f3
34.Rb1c1 e3
35.Rc1f1 e2
36.Rf1e1 Rc8d8
37.Na4b2 Rd8d2
38.Nb2c4 Rd2d1
39.Nc4e3 Rd1xa1
40.Re1xa1 Re8xe3
41.h4 e1Q
{ resign }
0-1

[Event "Match"]
[Site "www.echecsemail.com"]
[Date "2016.12.06"]
[Round "1"]
[White "Norlavuaram"]
[Black "Wwgia"]
[WhiteElo "2250"]
[BlackElo "2000"]
[Result "1-0"]
[Round "1"]
1.e4 c5
2.Ng1f3 Nb8c6
3.d4 cxd4
4.Nf3xd4 g6
5.c4 Ng8f6
6.Nb1c3 Nc6xd4
7.Qd1xd4 d6
8.Bf1e2 Bf8g7
9.Qd4d3 O-O
10.O-O Qd8a5
11.h3 Bc8e6
12.b3 a6
13.Bc1b2 Rf8c8
14.Ra1c1 Qa5d8
15.Rf1d1 Qd8f8
16.Nc3a4 Rc8c6
17.Be2f3 Nf6d7
18.Bb2xg7 Qf8xg7
19.Na4c3 a5
20.Nc3d5 f6
21.Qd3e2 Nd7e5
22.Nd5f4 Be6f7
23.Nf4d5 f5
24.Nd5xe7 { resign }
1-0

[Event "Match"]
[Site "www.echecsemail.com"]
[Date "2016.12.06"]
[Round "1"]
[White "Tonino1"]
[Black "Xkafi"]
[WhiteElo "2030"]
[BlackElo "1960"]
[Result "1-0"]
[Round "1"]
1.f4 b6
2.d4 Bc8b7
3.e3 e6
4.Ng1f3 h6
5.Bf1d3 Nb8a6
6.a3 Ng8f6
7.b4 c6
8.Bc1b2 Na6c7
9.c4 c5
10.b5 a6
11.a4 axb5
12.axb5 Nf6g4
13.Qd1e2 cxd4
14.exd4 Bf8b4
15.Nb1c3 Ra8xa1
16.Bb2xa1 Qd8a8
17.O-O Qa8a3
18.Nc3e4 O-O
19.h3 Bb7xe4
20.Qe2xe4 Ng4f6
21.Qe4e2 d5
22.Nf3e5 dxc4
23.Ne5xc4 Qa3a7
24.Nc4e5 Nf6d5
25.Ne5c6 Qa7a3
26.Ba1b2 Qa3b3
27.Bd3c2 Qb3g3
28.Rf1f3 Qg3h4
29.Nc6xb4 Nd5xb4
30.Bb2a3 Nc7d5
31.Bc2e4 Rf8c8
32.Qe2d2 Rc8c4
33.Rf3b3 Nb4a2
34.Be4xd5 exd5
35.Qd2xa2 Rc4xd4
36.Rb3f3 Qh4e1
37.Kh2 Rd4d1
38.Qa2f2 Qe1a5
39.Qf2e2 Rd1d2
40.Qe2e8 Kh7
41.Qe8xf7 Qa5xb5
42.Ba3f8 Qb5b2
43.Rf3g3 { resign }
1-0